Adversaires les plus affrontés par l'équipe de France de Football - Statistiques

Statistiques générales
  • Ce quiz a été pris 365 fois
  • Le résultat moyen est 11 sur 14
Statistiques - réponses
nombre de matchs Pays % Correct
35 Espagne
98%
32 Allemagne
96%
39 Italie
95%
41 Angleterre
94%
74 Belgique
94%
28 Portugal
94%
39 Suisse
89%
28 Pays-Bas
85%
23 Suède
74%
23 Autriche
67%
23 Hongrie
62%
26 Yougoslavie
42%
23 Bulgarie
38%
20 Tchécoslovaquie
34%
Aucun quiz correspondant
Distribution des résultats
% des personnes avec chaque résultat
Percentile par nombre de réponses
Votre historique - résultats
Vous n’avez pas pris ce quiz